[Event "22nd OIBM 2018"]
[Site "Gmund am Tegernsee"]
[Date "2018.10.28"]
[Round "2"]
[White "Schuster, Karsten"]
[Black "Demchenko, Anton"]
[Result "1/2-1/2"]
[WhiteElo "2283"]
[BlackElo "2679"]
[Annotator "TA"]
[PlyCount "157"]
[EventDate "2018.10.27"]
[EventType "swiss"]
[EventCountry "GER"]
[SourceTitle "playchess.com"]
[Source "ChessBase"]
[SourceQuality "1"]

{[%evp 17,157,16,42,22,32,31,37,18,30,23,45,6,25,9,39,50,57,48,62,83,65,49,38,39,33,37,46,27,25,0,1,0,63,0,0,-41,-48,-30,-9,-2,0,0,0,0,0,0,0,0,0,0,0,0,0,0,0,0,0,0,0,-54,-59,-58,-52,-170,-35,-33,-43,-40,-40,-21,-45,-24,0,0,0,0,52,19,184,151,207,220,189,173,172,182,176,180,263,60,129,62,145,82,75,77,164,153,162,152,208,161,131,135,164,124,148,79,144,154,156,159,147,146,160,160,170,158,167,163,170,8,8,8,8,8,8,8,8,7,8,8,261,8,298,8,312,312,312,8,312,312]} 1. d4 Nf6 2. c4 e6 3. Nc3 Bb4 4. Qc2 d6 5. Bg5 h6 6. Bd2 Nc6 7. Nf3 e5 {E33: Nimzo-Indian: Classical: 4...Nc6} (7... O-O 8. a3 Bxc3 9. Bxc3 Qe7 10. e3 e5 11. Be2 a5 12. b3 e4 13. Nd2 Bf5 14. O-O d5 15. b4 axb4 16. axb4 Nxb4 17. Qb2 Rxa1 18. Rxa1 {0-1 (31) Georgiev,K (2644)-Fressinet,L (2717) Dubai 2014}) 8. a3 Bxc3 9. Bxc3 Qe7 {LiveBook: 6 Games. The position is equal.} 10. dxe5 dxe5 11. e3 a5 12. h3 a4 13. Be2 O-O {[#]} 14. g4 $146 ({Predecessor:} 14. O-O-O Nd7 15. Rd5 Re8 16. Rhd1 b6 17. g4 {1-0 (32) Kulaots,K (2568)-Soltanici,R (2394) Iasi 2016}) 14... Rd8 15. Rg1 Nh7 16. Rd1 Rxd1+ 17. Kxd1 Bd7 18. Kc1 Re8 19. Rd1 Nf8 20. Rd5 f6 21. Nh4 Qf7 22. Rd2 (22. Qxa4 Nd4 $17) 22... Ra8 23. Bf3 Be6 24. Bd5 Bxd5 ({Black should play} 24... Nd7 $11) 25. Rxd5 (25. cxd5 $14 Ne7 26. Qe4) 25... Nd7 $11 26. Qe4 Nb6 27. Rc5 Rd8 28. Nf3 Qe7 29. Rb5 $1 Qd7 {[%csl Gd8][%cal Rd7d1]} 30. Nd2 Na7 31. Ra5 Nc6 32. Rb5 Kh8 33. h4 Na7 34. Ra5 Nc6 35. Rb5 Na7 {[%cal Bc6a7,Ba7c8,Bc8d6,Bd6c4][%mdl 32]} 36. Ra5 Nac8 37. g5 Nd6 38. Qc2 (38. Qd3 $11) 38... Ndxc4 39. Nxc4 Nxc4 40. Rxa4 Qc6 (40... b5 $19 41. Rb4 c5 42. Rxc4 bxc4 43. gxf6 gxf6) 41. Kb1 $15 b5 42. Rb4 $1 fxg5 43. hxg5 hxg5 44. Ka2 Nb6 45. Qf5 Nd5 46. Rb3 $36 {[%mdl 2048] Black is under pressure.} Re8 (46... Nxc3+ $11 47. Rxc3 Qd5+ 48. Kb1 e4) 47. e4 Nf6 $2 (47... Qe6 $11) 48. Bxe5 $18 Qxe4 (48... Rf8 $16 {was called for.} 49. f3 (49. Qxg5 Qxe4 50. Bxf6 Rxf6 $16) 49... b4 50. Rxb4 (50. Qxg5 Qc4 $16) 50... Nd7 51. Qh3+ Kg8) 49. Qxe4 Nxe4 50. Bxc7 {[%mdl 4096] Endgame KRB-KRN} Rc8 51. Bb6 Nd6 52. Be3 g4 (52... Rc2 $142 53. Kb1 (53. Bxg5 Rxf2 54. Be3 Rf5 $14) 53... Rc7 54. Bxg5 Rf7) 53. Rc3 $2 ({Better is} 53. Bf4 $18 Ne4 54. Be3 (54. Rxb5 Nxf2 55. Rg5 Rc4 $14)) 53... Re8 (53... Rxc3 $14 54. bxc3 Kh7) 54. Bf4 (54. Bd4 $16) 54... Nc4 (54... Ne4 $1 $14 55. Rc2 Kh7) 55. Rc2 (55. Bg3 $142) 55... Re4 $16 56. Bg3 Rd4 (56... Kh7 $16) 57. Kb3 $1 $18 Na5+ 58. Kc3 Ra4 (58... Nc6 $16 59. b3 Rd1) 59. Re2 Rc4+ 60. Kd3 {Black must now prevent Re5.} Nb3 {Threatens to win with ...Nc1+.} 61. Re8+ Kh7 62. Rb8 ({White should try} 62. Re5 Nc5+ 63. Ke3) 62... Nc5+ (62... Rc5 $142) 63. Ke3 $16 Re4+ 64. Kd2 Rd4+ 65. Ke2 $1 Re4+ 66. Kf1 Nd3 67. Rxb5 Re1+ 68. Kg2 Rb1 69. f3 $2 (69. Bc7 $18) 69... Rxb2+ $11 70. Rxb2 {Strongly threatening Rb5.} gxf3+ 71. Kxf3 {Threatening mate with Rc2.} Nxb2 {KB-KN} 72. Ke4 {next Kd4 is good for White.} Kg6 73. Kd5 Kf7 74. Be5 Na4 $2 {[%mdl 8192] [#]} (74... Nd3 $11) 75. Bd4 $2 (75. Kc6 $1 $18 g5 76. Bh8) 75... Ke7 $2 {[%mdl 8192] [#]} (75... g5 $11) 76. Kc4 $2 ({Less strong is} 76. Bxg7 Nb6+ 77. Kc6 Nc4 $18) (76. Kc6 $1 $18) 76... Kd7 $2 {[%mdl 8192]} (76... Kd6 $11) 77. Kb5 $18 ({Weaker is} 77. Bxg7 Kc6 $11) 77... Kc7 78. Bxg7 $2 (78. Kxa4 $18 g5 79. Bc5) 78... Kb7 $2 {[%mdl 8192]} (78... Nb6 $11 {and Black is okay.}) 79. Kxa4 {[%mdl 32768] Precision: White = 51%, Black = 34%. . An unexpected result.} 1/2-1/2

[Event "22nd OIBM 2018"]
[Site "Gmund am Tegernsee"]
[Date "2018.10.28"]
[Round "2"]
[White "Markmann, Ulrich"]
[Black "Moiseenko, Alexander"]
[Result "0-1"]
[WhiteElo "2282"]
[BlackElo "2648"]
[Annotator "TA"]
[PlyCount "48"]
[EventDate "2018.10.27"]
[EventType "swiss"]
[EventCountry "GER"]
[SourceTitle "playchess.com"]
[Source "ChessBase"]
[SourceQuality "1"]

{[%evp 11,48,4,18,-13,-15,-14,-16,-4,0,-19,0,-10,0,-9,-3,-42,-40,-26,-47,-55,0,0,0,0,0,0,0,0,54,0,0,0,0,-229,-187,-677,-681,-633,-667]} 1. Nf3 Nf6 2. c4 e6 3. b3 d5 4. e3 Bd6 5. Bb2 O-O 6. Nc3 {A13: English Opening: 1...e6} a6 {LiveBook: 8 Games} (6... c5 7. cxd5 exd5 8. d4 cxd4 9. Nxd4 Nc6 10. Be2 Nxd4 11. Qxd4 Re8 12. Rd1 Be5 13. Qd2 Bf5 {½-½ (31) Mareco,S (2649)-Adams,M (2712) Batumi 2018}) 7. Qc2 c5 $146 ({Predecessor:} 7... b6 8. Ng5 g6 9. h4 h6 10. Nf3 Nc6 11. cxd5 Nb4 12. Qc1 Nbxd5 13. Nxd5 exd5 {½-½ (71) Nigmatov,O (2461)-Magalashvili,D (2508) Batumi 2018}) 8. cxd5 {The position is equal.} exd5 9. d4 cxd4 10. Nxd4 Nc6 11. Nxc6 $1 bxc6 12. Be2 Re8 13. O-O Ng4 14. Bxg4 Bxg4 15. Ne2 Re6 (15... Qg5 $15) 16. f3 $11 Rh6 17. fxg4 {[#] Black must now prevent Nf4.} Bxh2+ 18. Kf2 {Hoping for Qf5.} Qh4+ 19. Kf3 $1 {g3 is the strong threat.} (19. g3 $2 {[#]} Bxg3+ $1 {[%mdl 512]} 20. Kf3 Qh2 $19) 19... Rg6 (19... f5 $11 20. gxf5 (20. Qxf5 Rf8 $17) 20... Qh5+ 21. Kf2 Qh4+ 22. Kf3 (22. g3 Bxg3+ 23. Kf3 Qh5+ 24. Kxg3 Qh2+ 25. Kf3 Rh3+ 26. Kg4 h5+ 27. Kg5 Qg2+ 28. Kf4 Re8 29. Qxc6 Rh4#) 22... Qh5+ 23. Kf2 Qh4+ 24. Kf3 (24. g3 $2 Bxg3+ 25. Nxg3 Qh2+ 26. Kf3 Qxc2 $19)) 20. Qf5 (20. g3 $1 $14 Qxg4+ 21. Kf2) 20... Rg5 $1 {[%cal Rg5f5]} 21. Qd7 {And now g3 would win.} f5 $1 $40 {[%cal Rf5g4][%mdl 128] White needs to defend precisely.} 22. Qe6+ $2 (22. g3 $11 {and White stays safe.} Qxg4+ 23. Kf2 Bxg3+ 24. Nxg3 Qxg3+ 25. Ke2 Qg4+ 26. Rf3) 22... Kh8 $19 23. gxf5 $2 (23. g3 fxg4+ 24. Kg2 Qh3+ 25. Kf2 Bxg3+ 26. Nxg3 Qh2+ 27. Ke1 Qxb2 28. Rd1) 23... Qg4+ 24. Kf2 {Threatens to win with Ke1.} Rxf5+ {Precision: White = 60%, Black = 73%.} 0-1

[Event "22nd OIBM 2018"]
[Site "Gmund am Tegernsee"]
[Date "2018.10.28"]
[Round "2"]
[White "Hedke, Fred"]
[Black "Fauth, Dietmar"]
[Result "0-1"]
[WhiteElo "2274"]
[BlackElo "2082"]
[Annotator "TA"]
[PlyCount "106"]
[EventDate "2018.10.27"]
[EventType "swiss"]
[EventCountry "GER"]
[SourceTitle "playchess.com"]
[Source "ChessBase"]
[SourceQuality "1"]

{[%evp 16,106,73,61,69,41,44,41,37,-18,0,0,3,11,21,12,13,16,60,44,112,73,99,37,37,23,25,0,0,-12,-4,-43,-43,-48,0,-16,0,-51,-66,-79,-79,-77,-68,-85,-61,-77,-61,-72,-52,-81,-78,-78,-90,-54,-52,-116,-112,-104,-114,-108,-106,-182,-177,-158,-155,-175,-175,-154,-109,-194,-170,-173,-168,-165,-165,-392,-376,-447,-386,-483,-447,-621,-622,-1827,-1587,-6179,-5693,-1583,-757,-701,-653,-1634,-1199]} 1. c4 b6 2. e4 Bb7 3. Nc3 c5 4. Nf3 d6 5. d4 cxd4 6. Nxd4 Nf6 7. f3 g6 {A34: Symmetrical English: 2 Nc3, lines with ...d5} (7... e6 8. Be3 Be7 9. Be2 O-O 10. Qd2 a6 11. O-O-O Nbd7 12. g4 Rc8 13. g5 Ne8 14. Kb1 Ne5 15. b3 Nc6 16. Nc2 b5 17. cxb5 axb5 18. Nxb5 {1-0 (37) Mareco,S (2643)-Cordova,E (2621) Montevideo 2018}) 8. Be3 Bg7 9. Qd2 {LiveBook: 6 Games} Nc6 {White is slightly better.} 10. Nd5 $146 ({Predecessor:} 10. Nc2 Rc8 11. Be2 O-O 12. O-O Qc7 13. Rac1 Qb8 14. Rfd1 Rfe8 15. Bf1 Bh8 16. Bg5 Ne5 17. Ne3 Ned7 18. b4 Bg7 19. a3 Qa8 20. Re1 Qb8 21. Ned5 Nxd5 22. exd5 Bf6 {1-0 (56) Omelja,A (2445)-Sikora,J (2209) Ceske Budejovice 2018}) 10... O-O 11. Nxc6 Bxc6 12. Bh6 ({White should try} 12. Rd1 $14) 12... Bxd5 13. Bxg7 Kxg7 14. cxd5 Rc8 15. Ba6 Rc7 16. O-O Nd7 17. Rfc1 Nb8 (17... Nc5 $14 18. Bc4 a5) 18. Bb5 Rc5 19. Rxc5 ({Better is} 19. b4 $16 Rxc1+ 20. Rxc1) 19... bxc5 $14 20. Rc1 Qb6 21. Be2 Nd7 22. h4 h5 23. f4 Rb8 24. Rc2 Nf6 {[#] Hoping for ...c4+.} 25. Bf3 Qb4 26. e5 ({White should play} 26. Qe3 $1 $11) 26... Nd7 27. exd6 exd6 28. g3 Nf6 29. Kf2 Qa4 30. b3 Qd7 31. Kg2 Rb4 32. Qc3 Rd4 33. Rd2 Rxd2+ 34. Qxd2 Qf5 35. Qc3 (35. Qd1 $1 $15) 35... Kh7 $17 36. Qc4 Qb1 37. Qe2 Kg7 38. Qa6 (38. Kf2 $17 {keeps fighting.}) 38... Qb2+ $19 39. Kf1 Qh2 40. Qxd6 Qxg3 41. Ke2 Qh2+ 42. Kf1 (42. Ke3 $17) 42... Qh3+ ({Much less strong is} 42... Qxa2 43. Qxc5 Qxb3 44. Kf2 $17) 43. Ke2 Qxh4 44. Qe5 Qh2+ 45. Kf1 $2 (45. Ke1 {was forced.}) 45... Qxa2 46. d6 {White hopes to continue with d7.} Qxb3 47. Bc6 Qd3+ {Black is clearly winning.} 48. Ke1 c4 {[%cal Bc5c4,Bc4c3][%mdl 32] Threatens to win with ...c3.} 49. Be4 Qe3+ 50. Kd1 c3 {[%csl Gc3][%cal Re3d2]} 51. Kc2 Qd2+ 52. Kb3 {[#]} a5 $1 {And now ...a4+! would win.} 53. f5 (53. Qxa5 Nxe4) 53... g5 {Precision: White = 34%, Black = 58%.} 0-1

[Event "22nd OIBM 2018"]
[Site "Gmund am Tegernsee"]
[Date "2018.10.28"]
[Round "2"]
[White "Donchenko, Anatoly"]
[Black "Demir, Bilal"]
[Result "1/2-1/2"]
[WhiteElo "2269"]
[BlackElo "2069"]
[Annotator "TA"]
[PlyCount "61"]
[EventDate "2018.10.27"]
[EventType "swiss"]
[EventCountry "GER"]
[SourceTitle "playchess.com"]
[Source "ChessBase"]
[SourceQuality "1"]

{[%evp 21,61,9,32,14,6,11,12,-22,39,50,48,49,66,59,58,56,73,72,100,81,133,66,92,-270,29999,-740,29998,-159,29998,-444,29998,-815,29998,393,5473,-435,2113,531,2139,-219,1687,0]} 1. d4 d5 2. c4 c6 3. Nf3 Nf6 4. e3 Bf5 5. Nc3 e6 6. Nh4 Bg6 7. Nxg6 hxg6 8. Be2 {D12: Slav Defence: 3 Nf3 Nf6 4 e3 Bf5} Qc7 9. h3 Nbd7 10. Qc2 Be7 11. Bd2 O-O {LiveBook: 3 Games} 12. O-O dxc4 13. Bxc4 c5 {[#]} 14. d5 $146 ({Predecessor:} 14. dxc5 Nxc5 {1-0 (44) Jakovenko,D (2737)-Rodshtein,M (2609) Kallithea 2008}) 14... exd5 ({Better is} 14... Nb6 $11) 15. Nxd5 $14 Nxd5 16. Bxd5 Nf6 17. Bc4 Rad8 18. Rfd1 a6 19. a4 g5 20. Qf5 Ne8 (20... Qc6 $142) 21. Qf3 (21. Bc3 $16) 21... Nd6 22. Bxf7+ $2 {[%mdl 8192]} (22. Ba2 $16 {keeps the pressure on.}) 22... Kh8 $4 {[%mdl 8192]} (22... Nxf7 $19 23. Bc3 Bd6) 23. Bg6 $4 {[%mdl 8192]} (23. Qh5#) 23... b5 $4 {[%mdl 8192]} (23... Rxf3 $19 24. gxf3 Rf8) 24. axb5 $2 (24. Qh5+ Kg8 25. Qh7#) 24... axb5 $2 (24... Rxf3 $17 25. Ba5 Qxa5 $1 {[%mdl 512]} 26. Rxa5 Rf6) 25. e4 $4 {[%mdl 8192]} (25. Qh5+ {was the only winning move.} Kg8 26. Qh7#) 25... Nc4 $4 {[%mdl 8192]} (25... Rxf3 $19 26. Ba5 Qb7 27. Bxd8 Rf8 28. Bxe7 Qxe7) 26. Bc3 $4 {[%mdl 8192]} (26. Qh5+ {avoids the disaster.} Kg8 27. Qh7#) 26... Ne5 $4 {[%mdl 8192]} (26... Rxf3 $19 27. Rxd8+ Bxd8 28. gxf3 b4) 27. Qg3 $2 (27. Qh5+ {mates} Kg8 28. Qh7#) 27... Qd7 $2 (27... Rxd1+ 28. Rxd1 Rf4) 28. Rac1 $4 {[%mdl 8192]} (28. Rxd7 $18 {is the narrow road to win.} Nxg6 {[#]} 29. Rxe7 $1 {[%mdl 512]} Nxe7 30. Qxg5) 28... Rc8 $4 {[%mdl 8192]} (28... Qxd1+ $19 29. Rxd1 Rxd1+ 30. Kh2 Nxg6) 29. b3 (29. Rxd7 $142 Nxg6 30. Qg4) 29... Rfd8 30. Qe3 $4 {[%mdl 8192]} (30. Rxd7 $18 Nxd7 31. Qg4) 30... c4 $4 {[%mdl 8192]} (30... Qxd1+ $19 31. Rxd1 Rxd1+ 32. Kh2 Nxg6) 31. bxc4 $2 {Precision: White =  7%, Black =  8%.} (31. Rxd7 $18 Nxd7 32. Qf3) 1/2-1/2

[Event "22nd OIBM 2018"]
[Site "Gmund am Tegernsee"]
[Date "2018.10.28"]
[Round "2"]
[White "Heimrath, Reiner"]
[Black "Iturrizaga Bonelli, Eduardo"]
[Result "1/2-1/2"]
[WhiteElo "2262"]
[BlackElo "2636"]
[Annotator "TA"]
[PlyCount "70"]
[EventDate "2018.10.27"]
[EventType "swiss"]
[EventCountry "GER"]
[SourceTitle "playchess.com"]
[Source "ChessBase"]
[SourceQuality "1"]

{[%evp 13,70,50,58,33,63,58,58,18,70,67,60,35,47,43,36,0,-8,-18,26,-8,-37,-58,-56,-77,-72,-346,-352,-386,-374,-379,-364,-397,-393,-382,-374,-394,-379,-441,-435,-394,-389,-1099,-1041,-709,-479,-1090,-870,-624,-534,-29970,-979,-874,-508,-1089,-1009,-910,-885,-769,-759]} 1. e4 c5 2. Nf3 e6 3. g3 Nc6 4. Bg2 g5 (4... Nf6 5. Qe2 Be7 6. O-O O-O 7. Rd1 e5 8. c3 Re8 9. Na3 Bf8 10. d3 d5 11. exd5 Nxd5 12. Ng5 h6 13. Ne4 f5 {1-0 (65) Artemiev,V (2706)-Morozevich,A (2656) Sochi 2018}) 5. h3 Bg7 6. c3 {B40: Sicilian: 2...e6, Unusual lines} h6 7. d4 cxd4 {LiveBook: 3 Games} 8. Nxd4 {White is slightly better.} Nge7 9. Be3 d5 10. Nd2 e5 (10... Nxd4 $11 11. Bxd4 Bxd4 12. Qa4+ Nc6 13. cxd4 O-O) 11. Nxc6 $14 bxc6 {[%cal Bb7c6,Bc6d5,Bd5d4][%mdl 32]} 12. Nb3 $146 ({Predecessor:} 12. Bc5) 12... a5 {[%cal Ba7a5,Ba5a4][%mdl 32]} 13. exd5 cxd5 14. c4 {[%cal Rc4d5]} a4 $36 {[%mdl 2048] Black has the initiative.} 15. Nd2 Qa5 {[#] Strongly threatening ...d4.} 16. O-O {And now cxd5 would win.} d4 $1 {[%cal Rd4e3]} 17. b4 axb3 18. Nxb3 Qa7 19. Nxd4 $2 {[%mdl 8192]} (19. Bd2 $17 {was called for.}) 19... exd4 $19 20. Bxd4 Bxd4 ({Don't do} 20... Qxd4 21. Qxd4 Bxd4 22. Bxa8 $19) 21. Bxa8 Bxh3 22. Bg2 Bxg2 23. Kxg2 Bxa1 24. Qxa1 O-O 25. Qf6 Ng6 26. Rh1 Qa8+ 27. Kg1 $2 (27. Qf3) 27... Rb8 28. Kh2 Qxa2 {Threatens to win with ...Qe2.} 29. Rc1 (29. Kg2 $142) 29... Qd2 30. Ra1 Qc2 31. Ra7 {[#]} Qxc4 (31... Ne5 $142 $1 {[%mdl 512]} 32. Qxe5 Qxf2+ 33. Kh3 Qxa7 34. Qd6 Qb7 35. Qd4 Qf3 36. Qa1 Rb3 37. Qe5 Rb1 38. Qe8+ Kh7 39. Qxf7+ Qxf7 40. Kg4 Rh1 41. c5 Qd5 42. c6 h5#) 32. Rd7 {Black is clearly winning.} Qe6 33. Qd4 (33. Qxe6 $142 fxe6 34. Kg1) 33... Ne5 {( -> ...Nf3+)} 34. Rd8+ Rxd8 35. Qxd8+ Kg7 {[%mdl 32768] Precision: White = 22%, Black = 49%. . An unexpected result.} 1/2-1/2

[Event "22nd OIBM 2018"]
[Site "Gmund am Tegernsee"]
[Date "2018.10.28"]
[Round "2"]
[White "Wintzer, Joachim"]
[Black "Banusz, Tamas"]
[Result "0-1"]
[WhiteElo "2260"]
[BlackElo "2606"]
[Annotator "TA"]
[PlyCount "106"]
[EventDate "2018.10.27"]
[EventType "swiss"]
[EventCountry "GER"]
[SourceTitle "playchess.com"]
[Source "ChessBase"]
[SourceQuality "1"]

{[%evp 10,106,25,26,49,5,20,0,0,0,43,43,36,45,50,30,37,30,30,16,23,29,22,27,30,19,36,45,50,46,37,30,56,33,31,25,33,34,31,18,20,25,26,15,24,0,0,0,0,0,0,8,7,0,0,0,40,0,0,0,0,0,0,0,0,-31,-35,-65,-57,-122,-88,-127,-125,-125,-17,-187,-192,-181,-180,-180,-191,-183,-183,-313,-305,-292,-289,-547,-532,-547,-532,-725,-712,-744,-739,-1494,-1431,-1397,-1374]} 1. c4 e6 2. Nf3 d5 3. g3 Nf6 4. Bg2 d4 5. O-O Nc6 (5... c5 6. d3 Nc6 7. e3 Bd6 8. a3 a5 9. Nbd2 O-O 10. e4 e5 11. h3 Bd7 12. Nh2 Qc8 13. f4 Bxh3 14. f5 Bxg2 15. Kxg2 {½-½ (31) Aronian,L (2780)-Yilmaz,M (2633) Batumi 2018}) 6. e3 {LiveBook: 21 Games. A13: English Opening: 1...e6} Bc5 7. d3 (7. b4 $5 Bxb4 8. exd4 $14) 7... O-O 8. exd4 {The position is equal.} Nxd4 9. Nbd2 $146 ({Predecessor:} 9. Nc3 Nxf3+ 10. Qxf3 c6 11. Re1 Re8 12. h3 e5 13. Bg5 h6 14. Be3 {½-½ (43) Risting,E (2317)-Sprenar,P (2192) Pardubice 2018}) 9... Qd6 10. Nxd4 Bxd4 11. Nf3 Rd8 12. Qe2 e5 13. Nxd4 Qxd4 14. Be3 Qd6 15. Rad1 Bg4 16. f3 Bf5 {[%cal Rf5d3]} 17. d4 Re8 {Threatens to win with ...exd4.} 18. dxe5 Qxe5 19. Rfe1 Qa5 20. b3 Rad8 21. Qf2 h6 22. h3 b6 23. g4 {Rxd8 is the strong threat.} Bg6 24. Bf4 Rxe1+ 25. Rxe1 c5 26. Rc1 Qa3 27. h4 h5 28. g5 Nh7 $1 29. Re1 Nf8 30. Bh3 Qa5 31. Re2 Qc3 32. Kg2 Kh7 33. Be5 Qd3 34. Re3 Qb1 35. Re1 Rd1 36. Rxd1 Qxd1 37. Bc3 Bb1 38. Kg3 Ng6 39. Bg2 (39. Qe3 $15) 39... Ne7 40. Bh3 Qd6+ 41. Kg2 Bf5 (41... Ng6 $17 42. Qe1 Qd3) 42. Be1 $2 (42. Qe2 $11 {and White has nothing to worry.}) 42... Bxh3+ 43. Kxh3 {[#]} Qd3 $1 44. Bd2 Nf5 45. Bf4 {[#]} a6 $1 {[%cal Ba7a6,Ba6b5,Bb5c4,Bc4c3,Bc3c2][%mdl 32]} 46. Be5 (46. Bg3 {is a better defense.}) 46... b5 $19 47. cxb5 axb5 48. Bf4 $2 (48. Kg2 {was necessary.}) 48... c4 {Black is clearly winning.} 49. bxc4 bxc4 50. Kh2 c3 51. Bc1 Qd1 52. g6+ fxg6 53. Bg5 c2 {Precision: White = 33%, Black = 71%.} 0-1

[Event "22nd OIBM 2018"]
[Site "Gmund am Tegernsee"]
[Date "2018.10.28"]
[Round "2"]
[White "Groetzbach, Julian"]
[Black "Firouzja, Alireza"]
[Result "1-0"]
[WhiteElo "2247"]
[BlackElo "2600"]
[Annotator "TA"]
[PlyCount "99"]
[EventDate "2018.10.27"]
[EventType "swiss"]
[EventCountry "GER"]
[SourceTitle "playchess.com"]
[Source "ChessBase"]
[SourceQuality "1"]

{[%evp 12,99,27,25,22,22,22,22,20,28,30,18,43,42,72,27,87,66,105,100,85,87,66,84,78,72,78,80,158,162,173,168,177,108,129,87,217,236,212,202,341,229,305,267,261,132,343,355,347,243,362,327,331,335,328,336,329,306,312,202,462,436,437,427,431,433,425,435,417,418,527,512,495,436,561,553,602,602,611,601,649,633,583,562,546,550,533,529,597,588]} 1. e4 c5 2. Nf3 d6 3. d4 cxd4 4. Nxd4 Nf6 5. Nc3 a6 6. a3 Nc6 {B90: Sicilian Najdorf: Unusual White 6th moves, 6 Be3 Ng4 and 6 Be3 e5} (6... e5 7. Nf3 Be7 8. Bc4 O-O 9. Bg5 Be6 10. Bxf6 Bxc4 11. Bxe7 Qxe7 12. Nd2 Be6 13. Nf1 Nd7 14. Ne3 Nf6 15. O-O Rac8 16. Qd3 Rc6 17. Rfd1 Rfc8 18. f3 g6 19. Kh1 Kg7 20. Qd2 {½-½ (20) Anand,V (2782)-Nepomniachtchi,I (2729) Riadh 2017}) 7. Be2 {LiveBook: 3 Games} g6 8. Be3 Bg7 {The position is equal.} 9. Qd2 Ng4 10. Bxg4 Bxg4 11. Nd5 $146 {Hoping for f3.} ({Predecessor:} 11. f3 Bd7 12. O-O-O Rc8 13. g4 Ne5 14. Qe2 Nc4 15. Bf2 Nxa3 16. h4 Qa5 {0-1 (25) Pham T Thu,H-Nguyen,L Dong Thap 1999}) 11... Rb8 12. O-O $36 {[%mdl 2048] Black is under pressure.} O-O 13. c4 e5 (13... Bd7 $11) 14. Nc2 b5 15. Ncb4 Na5 16. cxb5 (16. Nxa6 Nxc4 17. Qc1 Rc8 $11) 16... axb5 (16... Nb3 $2 17. Qd3 $18) 17. Qd3 Bd7 18. b3 f5 19. f3 f4 ({Black should try} 19... Nc6) 20. Bf2 $16 g5 21. Rac1 g4 22. Rc7 (22. fxg4 $18 Bxg4 23. Na6) 22... gxf3 23. Qxf3 {aiming for Rfc1.} Rf7 {[#]} (23... Rb7 $16) 24. Rfc1 $1 $18 ({Much less strong is} 24. Qh5 $6 Qe8 $16) 24... Qg5 25. h3 h5 (25... Be6 {keeps fighting.} 26. Rxf7 Bxf7) 26. Bb6 Ra8 27. Rxd7 Rxd7 {[#]} 28. Nc7 (28. Rc7 $1 $18 {[%cal Rc7d7]} Rdd8 29. Bxa5 Rxa5 30. Nc6) 28... Rc8 $2 (28... Rxc7 $16 29. Rxc7 Qg3) 29. Bxa5 Bf6 30. Rc6 Qh4 (30... Qg6 $142 31. Ncd5 Rxc6 32. Nxc6 Bh4) 31. Nbd5 (31. Nxb5 Qe1+ 32. Kh2 Rxc6 $18) 31... Bd8 32. Qf2 Rg7 33. Qxh4 ({Not} 33. Rxd6 Qxh3 34. Rxd8+ Rxd8 $18) 33... Bxh4 34. Kf1 Kh7 35. Rc2 Rcg8 $2 (35... Rb8 36. Rc6 Rg6) 36. Be1 Bxe1 37. Nf6+ ({Less strong is} 37. Kxe1 Rxg2 38. Rxg2 Rxg2 $14) 37... Kg6 38. Nxg8 Bh4 39. Nxb5 Rxg8 40. Nxd6 {[%mdl 4096] Endgame KRB-KRN} Rd8 41. Rc6 {White is clearly winning.} Kh7 42. Ke2 Ra8 43. a4 Rb8 44. Rc7+ Kg6 45. Rb7 Rg8 46. Nf5 Bf6 47. Rb6 {Ne7+ is the strong threat.} Ra8 48. Nd6 Bd8 49. Rc6 Rb8 50. Rc8 {Precision: White = 70%, Black = 41%.} 1-0

[Event "22nd OIBM 2018"]
[Site "Gmund am Tegernsee"]
[Date "2018.10.28"]
[Round "2"]
[White "Ciolek, Andreas"]
[Black "Schmidt, Gerhard"]
[Result "1/2-1/2"]
[WhiteElo "2241"]
[BlackElo "2068"]
[Annotator "NA"]
[PlyCount "41"]
[EventDate "2018.10.27"]
[EventType "swiss"]
[EventCountry "GER"]
[SourceTitle "playchess.com"]
[Source "ChessBase"]
[SourceQuality "1"]
[TimeControl "40/5400+30:1800+30"]

1. d4 {[%emt 0:00:00]} d5 {[%emt 0:00:00]} 2. c4 {[%emt 0:00:00]} c6 {[%emt 0:00:33]} 3. Nf3 {[%emt 0:00:21]} Nf6 {[%emt 0:00:18]} 4. e3 {[%emt 0:01:37]} Bf5 {[%emt 0:00:54]} 5. Nc3 {[%emt 0:01:57]} e6 6. Nh4 {[%emt 0:01:44]} Bg6 {[%emt 0:01:46]} 7. Nxg6 {[%emt 0:01:28]} hxg6 {[%emt 0:00:10]} 8. Be2 {[%emt 0:01:51]} Qc7 {[%emt 0:02:43]} 9. h3 Nbd7 {[%emt 0:00:52]} 10. Qc2 {[%emt 0:09:10]} Be7 {[%emt 0:06:08]} 11. Bd2 {[%emt 0:02:25]} O-O {[%emt 0:05:35]} 12. O-O {[%emt 0:01:46]} dxc4 {[%emt 0:11:01]} 13. Bxc4 {[%emt 0:00:51]} c5 {[%emt 0:01:35]} 14. d5 {[%emt 0:03:37]} exd5 {[%emt 0:12:59]} 15. Nxd5 {[%emt 0:00:35]} Nxd5 {[%emt 0:00:27]} 16. Bxd5 {[%emt 0:00:11]} Nf6 17. Bc4 {[%emt 0:03:35]} Rad8 {[%emt 0:06:01]} 18. Rfd1 {[%emt 0:00:26]} a6 {[%emt 0:00:57]} 19. a4 {[%emt 0:00:17]} g5 {[%emt 0:11:41]} 20. Qf5 {[%emt 0:12:30]} Ne8 {[%emt 0:11:12]} 21. Qf3 {[%emt 0:06:11]} 1/2-1/2